Power from On High: (Record no. 5286)

MARC details
000 -LEADER
fixed length control field 00578nam a22001937a 4500
003 - CONTROL NUMBER IDENTIFIER
control field GBCCL
005 - DATE AND TIME OF LATEST TRANSACTION
control field 20241126110537.0
008 - FIXED-LENGTH DATA ELEMENTS--GENERAL INFORMATION
fixed length control field 180312b ||||| |||| 00| 0 eng d
020 ## - INTERNATIONAL STANDARD BOOK NUMBER
International Standard Book Number 185240117
040 ## - CATALOGING SOURCE
Transcribing agency gbc
082 ## - DEWEY DECIMAL CLASSIFICATION NUMBER
Classification number 243
Item number MOO
100 ## - MAIN ENTRY--PERSONAL NAME
Personal name Moody, D.L.
9 (RLIN) 7772
245 ## - TITLE STATEMENT
Title Power from On High:
Remainder of title A Vital Message for the Worldwide Church Today /
Statement of responsibility, etc. D.L. Moody
246 ## -
-- The Secret of Success in Christian Life and Christian World
260 ## - PUBLICATION, DISTRIBUTION, ETC.
Place of publication, distribution, etc. England:
Name of publisher, distributor, etc. Sovereign World,
Date of publication, distribution, etc. 1992
300 ## - PHYSICAL DESCRIPTION
Extent 96 p.;
Dimensions 20 cm.
650 ## - SUBJECT ADDED ENTRY--TOPICAL TERM
Topical term or geographic name entry element Evangelistic Work
9 (RLIN) 290
942 ## - ADDED ENTRY ELEMENTS (KOHA)
Source of classification or shelving scheme Dewey Decimal Classification
Koha item type Books
Koha issues (borrowed), all copies 1
Holdings
Withdrawn status Lost status Source of classification or shelving scheme Damaged status Not for loan Home library Current Library Shelving location Date acquired Total checkouts Full call number Barcode Date last seen Copy number Price effective from Koha item type Date last checked out
    Dewey Decimal Classification     GRACE BIBLE COLLEGE GRACE BIBLE COLLEGE Ministry & Mission 2018-03-12   243 MOO 013298 2025-05-01 c.1 2018-03-12 Books  
    Dewey Decimal Classification     GRACE BIBLE COLLEGE GRACE BIBLE COLLEGE Ministry & Mission 2018-03-13 1 243 MOO 013299 2025-05-01 c.2 2018-03-13 Books 2023-01-16
© Grace Bible College Library 2025